| 000 | 02479nam a22002537a 4500 | ||
|---|---|---|---|
| 008 | 230622s2022 xxk|||||o|||| 00| 0 eng d | ||
| 020 | _a9781783214785 | ||
| 041 | _aeng | ||
| 110 | _aRoyal Institution of Chartered Surveyors | ||
| 245 |
_aInvestigation of moisture and its effects on traditional buildings _bPrinciples and competencies _h[Electronic resource] |
||
| 260 |
_aLondon, _bRoyal Institution of Chartered Surveyors, Historic England, Property Care Association, _cSeptember 2022 |
||
| 300 | _a16p. | ||
| 500 | _aThis document has been written and produced by teams from the following organisations: RICS, Historic England and PCA. This document has also been adopted by the following organisations: Cadw, Historic Environment Scotland, Historic Environment Division – Northern Ireland, Institute of Historic Buildings (IHBC) and Society for the Protection of Ancient Buildings (SPAB). | ||
| 520 | _aA set of principles and competencies that should be used anytime there is a need for an assessment of moisture within a traditional building. This is most typically likely to be during a pre-purchase building survey, and investigation into a moisture related problem or when a contractor undertakes repairs and alterations to a building. In the context of a building survey on a traditional building or any historic building, it should be within the competence of the surveyor to be able to make a professional judgement on the building and not simply make a recommendation. This document establishes a position of best practice throughout all levels of surveys and inspection of traditional buildings. The surveyor should take a ‘whole building’ approach, look for the source of any excessive moisture, not rely on potentially misleading data and should then provide the client with advice to manage the situation. The document goes into detail in a step-by-step format of what the surveyor should do and ultimately to take responsibility for the advice given. | ||
| 650 | _aBUILDING SURVEYS | ||
| 650 | _aHISTORIC BUILDINGS | ||
| 650 | _aTRADITIONAL BUILDINGS | ||
| 650 | _aMOISTURE | ||
| 651 | _aUnited Kingdom | ||
| 690 |
_96225 _aBuilding surveying |
||
| 710 | _aRoyal Institution of Chartered Surveyors | ||
| 856 |
_uhttps://www.rics.org/profession-standards/rics-standards-and-guidance/sector-standards/building-surveying-standards/investigation-of-moisture-and-its-effect-on-traditional-building _zAvailable free on RICS.org |
||
| 942 | _n0 | ||
| 999 |
_c121550 _d121550 |
||